000 00946nas a2200277 4500
001 BR8706604
003 BR-BrBNA
005 20231205090859.0
007 ta
008 230509b bl.|||p| |||| 00| 00por d
040 _aBR-BrBNA
_bpor
_cBiblioteca Nacional de Agricultura
041 _a(Pt)
072 _aH10
100 1 _aSilva, R.L. da
100 1 _aCalafiori, M.H.
100 1 _aHotta, F.K.
245 1 _aEnsaio visando controle quimico do acaro rajado (Tetranychus urticae (Kock, 1836)) em morangueiro (Fragaria vesca L.)
246 1 _aTest for chemical control of the two-spotted spider-mite (Tetranychus urticae (Kock, 1836)on strawberry (Fragaria vesca L.)
650 _aMORANGO
650 _aACARO RAJADO
650 _aACARICIDA
650 _aCONTROLE QUIMICO
773 0 _tEcossistema (Brazil)
_xISSN 0100-4107
_g(Oct 1985), v. 10 p. 78-81
_wBR8706604
909 _a202311
_bLúcia
_c55
_dLúcia Elande
942 _2AGRIS
_n0
_cANA
999 _c121410
_d121410